|
|
|
|
| LEADER |
00635nam a22001697a 4500 |
| 008 |
150703b xxu||||| |||| 00| 0 eng d |
| 020 |
|
|
|a 9789351500568
|
| 082 |
|
|
|a 330.122 ELS
|
| 100 |
|
|
|a Elsenhans, Hartmut
|
| 245 |
|
|
|a Saving capitalism from the capitalists :
|b world capitalism and global history /
|c Hartmut Elsenhans
|
| 250 |
|
|
|a 1st ed.
|
| 260 |
|
|
|a Los Angeles :
|b Sage Publications,
|c 2015.
|
| 300 |
|
|
|a 325p.
|
| 650 |
|
|
|a Capitalism
|
| 942 |
|
|
|2 ddc
|c BK
|
| 999 |
|
|
|c 11618
|d 11618
|
| 952 |
|
|
|0 0
|1 0
|2 ddc
|4 0
|6 330_122000000000000_ELS
|7 0
|9 16379
|a MAIN
|b MAIN
|d 2015-07-03
|e Reference Books
|g 995.00
|o 330.122 ELS
|p 15809
|r 2017-05-11
|t 1
|w 2015-07-03
|y BK
|